[Event "DVM U12 2017"]
[Site "Magdeburg GER"]
[Date "2017.12.28"]
[Round "3"]
[White "Lipinsky, Pierre"]
[Black "Bildat, Emilia"]
[Result "0-1"]
[Termination "normal"]
[Board "4.3"]
[WhiteElo "1190"]
[BlackElo "1395"]
[WhiteClock "00:41:04"]
[BlackClock "01:04:01"]
[WhiteTeam "SC Tarrasch 45 München"]
[BlackTeam "SC Turm Lüneburg"]
[PlyCount "118"]
[WhiteFideId "16206290"]
[BlackFideId "16218140"]
[EventCountry "GER"]
[EventRounds "7"]
[EventType "team-swiss"]
[EventDate "2017.12.26"]

1. e4 {[%clk 1:30:59]} e5 {[%clk 1:30:54]} 2. Nf3 {[%clk 1:31:29]} Nc6 3. d4
exd4 {[%clk 1:31:33]} 4. Nxd4 {[%clk 1:32:27]} Bc5 {[%clk 1:31:52]} 5. Be3
{[%clk 1:32:55]} Bb6 {[%clk 1:32:14]} 6. Bc4 {[%clk 1:32:00]} Nf6 {[%clk
1:32:32]} 7. Nc3 {[%clk 1:31:13]} O-O {[%clk 1:31:47]} 8. O-O {[%clk 1:29:55]}
d6 {[%clk 1:30:16]} 9. Qd2 {[%clk 1:24:37]} Ba5 {[%clk 1:28:13]} 10. a3 {[%clk
1:20:55]} Bxc3 {[%clk 1:28:16]} 11. Qxc3 {[%clk 1:19:28]} Nxe4 {[%clk 1:28:36]}
12. Nxc6 {[%clk 1:19:36]} bxc6 {[%clk 1:28:27]} 13. Qd4 {[%clk 1:14:09]} Bf5
{[%clk 1:26:32]} 14. Bd3 {[%clk 1:12:18]} d5 {[%clk 1:23:20]} 15. f3 {[%clk
1:12:00]} Nd6 {[%clk 1:23:39]} 16. c3 {[%clk 1:07:47]} Bxd3 {[%clk 1:21:31]}
17. Qxd3 {[%clk 1:08:08]} Re8 {[%clk 1:19:32]} 18. Rfe1 {[%clk 1:06:36]} Nc4
{[%clk 1:19:29]} 19. b3 {[%clk 1:04:53]} Nxe3 {[%clk 1:19:26]} 20. Rxe3 {[%clk
1:04:15]} Rb8 {[%clk 1:18:17]} 21. b4 {[%clk 1:00:16]} h6 {[%clk 1:08:24]} 22.
Rae1 {[%clk 0:59:54]} Rxe3 {[%clk 1:08:29]} 23. Rxe3 {[%clk 1:00:03]} Qg5
{[%clk 1:08:18]} 24. a4 {[%clk 0:57:37]} Rd8 {[%clk 1:01:29]} 25. b5 {[%clk
0:56:26]} cxb5 {[%clk 1:01:34]} 26. axb5 Rb8 {[%clk 1:01:20]} 27. g3 {[%clk
0:56:02]} Qg6 {[%clk 0:59:36]} 28. Qxd5 {[%clk 0:53:03]} Qb1+ {[%clk 0:59:56]}
29. Kf2 {[%clk 0:50:35]} Qxb5 {[%clk 1:00:01]} 30. Qxb5 {[%clk 0:49:16]} Rxb5
{[%clk 1:00:26]} 31. Re8+ {[%clk 0:48:29]} Kh7 {[%clk 1:00:50]} 32. Ra8 {[%clk
0:47:38]} Rb2+ {[%clk 1:00:44]} 33. Ke3 {[%clk 0:47:37]} Ra2 {[%clk 1:01:02]}
34. h4 {[%clk 0:46:25]} a5 {[%clk 1:00:52]} 35. Ra7 {[%clk 0:46:37]} a4 {[%clk
1:00:46]} 36. Rxc7 {[%clk 0:46:59]} a3 {[%clk 1:01:10]} 37. c4 {[%clk 0:45:58]}
Ra1 {[%clk 1:01:00]} 38. Ra7 {[%clk 0:45:34]} a2 {[%clk 1:01:04]} 39. Kf4
{[%clk 0:45:09]} Kg6 {[%clk 0:59:27]} 40. c5 {[%clk 0:44:49]} Kf6 {[%clk
0:59:40]} 41. c6 {[%clk 0:44:46]} Ke6 {[%clk 0:59:22]} 42. c7 {[%clk 0:42:54]}
Kd7 {[%clk 0:59:44]} 43. g4 {[%clk 0:42:23]} g6 {[%clk 0:59:46]} 44. h5 {[%clk
0:42:02]} Kc8 {[%clk 0:59:08]} 45. hxg6 {[%clk 0:41:55]} fxg6 {[%clk 0:59:32]}
46. Ra6 {[%clk 0:37:32]} Kxc7 {[%clk 0:59:48]} 47. Ra3 {[%clk 0:37:24]} Kb6
{[%clk 0:59:56]} 48. g5 {[%clk 0:37:22]} hxg5+ {[%clk 1:00:08]} 49. Kxg5 {[%clk
0:37:50]} Rg1+ {[%clk 1:00:23]} 50. Kf6 {[%clk 0:37:56]} a1=Q+ {[%clk 1:00:44]}
51. Rxa1 {[%clk 0:38:22]} Rxa1 {[%clk 1:01:04]} 52. Kxg6 {[%clk 0:38:48]} Rf1
{[%clk 1:01:27]} 53. Kf6 {[%clk 0:39:06]} Rxf3+ {[%clk 1:01:50]} 54. Ke5 {[%clk
0:39:30]} Rd3 {[%clk 1:01:57]} 55. Ke4 {[%clk 0:39:54]} Rd8 {[%clk 1:02:21]}
56. Ke3 {[%clk 0:40:05]} Kc5 {[%clk 1:02:46]} 57. Ke2 {[%clk 0:40:27]} Kc4
{[%clk 1:03:11]} 58. Ke3 {[%clk 0:40:46]} Rd7 {[%clk 1:03:36]} 59. Ke2 {[%clk
0:41:04]} Kc3 {[%clk 1:04:01]} 0-1

[Event "DVM U12 2017"]
[Site "Magdeburg GER"]
[Date "2017.12.28"]
[Round "3"]
[White "Helms, Finn"]
[Black "Mele, Alessandro"]
[Result "1-0"]
[Termination "normal"]
[Board "4.4"]
[WhiteElo "1419"]
[BlackElo "1154"]
[WhiteClock "00:54:26"]
[BlackClock "00:36:30"]
[WhiteTeam "SC Turm Lüneburg"]
[BlackTeam "SC Tarrasch 45 München"]
[PlyCount "125"]
[WhiteFideId "16249143"]
[BlackFideId "16227832"]
[EventCountry "GER"]
[EventRounds "7"]
[EventType "team-swiss"]
[EventDate "2017.12.26"]

1. d4 {[%clk 1:30:57]} d5 {[%clk 1:30:55]} 2. Bf4 {[%clk 1:31:20]} Nf6 {[%clk
1:31:20]} 3. e3 {[%clk 1:31:39]} c5 {[%clk 1:31:43]} 4. c3 {[%clk 1:32:02]} Nc6
{[%clk 1:32:05]} 5. Nd2 {[%clk 1:32:24]} Qb6 {[%clk 1:32:13]} 6. Qb3 {[%clk
1:32:22]} c4 {[%clk 1:32:24]} 7. Qc2 {[%clk 1:32:42]} Bf5 {[%clk 1:32:22]} 8.
Qxf5 {[%clk 1:33:03]} Qxb2 {[%clk 1:32:44]} 9. Rb1 {[%clk 1:33:28]} Qxa2 {[%clk
1:30:58]} 10. Rxb7 {[%clk 1:32:14]} e6 {[%clk 1:31:15]} 11. Qb1 {[%clk
1:32:14]} Qxb1+ {[%clk 1:29:37]} 12. Rxb1 {[%clk 1:30:32]} a5 {[%clk 1:27:47]}
13. Ngf3 {[%clk 1:30:18]} Nd7 {[%clk 1:27:26]} 14. Be2 {[%clk 1:29:43]} a4
{[%clk 1:27:34]} 15. O-O {[%clk 1:29:51]} Be7 {[%clk 1:27:54]} 16. Ra1 {[%clk
1:30:01]} O-O {[%clk 1:28:06]} 17. Rfb1 {[%clk 1:29:57]} f6 {[%clk 1:27:38]}
18. Bd1 {[%clk 1:28:08]} a3 {[%clk 1:27:54]} 19. Ra2 {[%clk 1:27:52]} e5 {[%clk
1:19:08]} 20. dxe5 {[%clk 1:27:51]} fxe5 {[%clk 1:19:27]} 21. Bg3 {[%clk
1:28:09]} Rfb8 {[%clk 1:19:19]} 22. Kf1 {[%clk 1:27:30]} Bd6 {[%clk 1:18:11]}
23. Ke2 {[%clk 1:21:15]} Rxb1 {[%clk 1:13:12]} 24. Nxb1 {[%clk 1:20:18]} Be7
{[%clk 1:08:27]} 25. h3 {[%clk 1:16:56]} h6 {[%clk 1:08:38]} 26. Bh2 {[%clk
1:15:57]} Kf7 {[%clk 1:07:58]} 27. Bc2 {[%clk 1:15:19]} Kf6 {[%clk 1:06:51]}
28. Bg3 {[%clk 1:08:33]} Nc5 {[%clk 1:06:25]} 29. Rxa3 {[%clk 1:01:57]} Rxa3
{[%clk 1:06:44]} 30. Nxa3 {[%clk 1:02:19]} Nb3 {[%clk 1:07:00]} 31. Nb5 {[%clk
1:00:22]} Bc5 {[%clk 0:41:22]} 32. Nc7 {[%clk 0:55:04]} d4 {[%clk 0:41:13]} 33.
exd4 {[%clk 0:50:17]} exd4 {[%clk 0:41:39]} 34. cxd4 {[%clk 0:50:34]} Ncxd4+
{[%clk 0:41:55]} 35. Nxd4 {[%clk 0:50:37]} Nxd4+ {[%clk 0:42:12]} 36. Kd1
{[%clk 0:50:27]} Ke7 {[%clk 0:37:19]} 37. Nd5+ {[%clk 0:50:22]} Ke6 {[%clk
0:37:35]} 38. Nf4+ {[%clk 0:50:39]} Kf6 {[%clk 0:35:15]} 39. Nh5+ {[%clk
0:50:46]} Kf7 {[%clk 0:35:39]} 40. Be5 {[%clk 0:50:20]} Nxc2 41. Kxc2 Bxf2
{[%clk 0:35:21]} 42. Nxg7 {[%clk 0:50:34]} Bc5 {[%clk 0:30:59]} 43. Kc3 {[%clk
0:50:48]} Bf8 {[%clk 0:31:23]} 44. Nh5 {[%clk 0:50:50]} Kg6 {[%clk 0:31:36]}
45. Ng3 Kg5 {[%clk 0:31:05]} 46. Kxc4 {[%clk 0:51:20]} Kg6 {[%clk 0:30:57]} 47.
Kd5 {[%clk 0:51:38]} Kh7 {[%clk 0:31:22]} 48. Ne4 {[%clk 0:51:58]} Bg7 {[%clk
0:31:33]} 49. Bxg7 {[%clk 0:52:07]} Kxg7 {[%clk 0:32:03]} 50. g4 {[%clk
0:52:24]} Kh7 {[%clk 0:32:29]} 51. h4 {[%clk 0:50:55]} Kg7 {[%clk 0:32:53]} 52.
Ke5 {[%clk 0:51:10]} Kh7 {[%clk 0:33:13]} 53. Nf6+ {[%clk 0:51:35]} Kg7 {[%clk
0:33:40]} 54. h5 {[%clk 0:51:46]} Kf7 {[%clk 0:34:04]} 55. Kf5 {[%clk 0:52:10]}
Kg7 {[%clk 0:34:33]} 56. g5 {[%clk 0:52:31]} hxg5 {[%clk 0:34:46]} 57. Kxg5
{[%clk 0:52:54]} Kh8 {[%clk 0:35:00]} 58. Ne8 {[%clk 0:53:10]} Kg8 {[%clk
0:35:24]} 59. Kg6 {[%clk 0:53:22]} Kh8 {[%clk 0:35:53]} 60. Nd6 Kg8 {[%clk
0:36:18]} 61. h6 {[%clk 0:53:48]} Kh8 {[%clk 0:36:07]} 62. Nf7+ {[%clk
0:53:59]} Kg8 {[%clk 0:36:30]} 63. h7+ {[%clk 0:54:26]} 1-0

[Event "DVM U12 2017"]
[Site "Magdeburg GER"]
[Date "2017.12.28"]
[Round "3"]
[White "Gutewort, Paul Emil"]
[Black "Müller, Maurice-Pascal"]
[Result "1/2-1/2"]
[Termination "normal"]
[Board "5.2"]
[WhiteElo "1549"]
[BlackElo "1403"]
[WhiteClock "00:34:59"]
[BlackClock "01:08:22"]
[WhiteTeam "SF Nordost Berlin"]
[BlackTeam "SC Landskrone"]
[PlyCount "92"]
[WhiteFideId "16204182"]
[BlackFideId "16243340"]
[EventCountry "GER"]
[EventRounds "7"]
[EventType "team-swiss"]
[EventDate "2017.12.26"]

1. d4 {[%clk 1:30:58]} Nf6 {[%clk 1:30:47]} 2. c4 {[%clk 1:31:24]} g6 {[%clk
1:31:13]} 3. Nc3 {[%clk 1:31:51]} Bg7 {[%clk 1:31:35]} 4. Nf3 {[%clk 1:32:05]}
d5 {[%clk 1:31:47]} 5. cxd5 {[%clk 1:32:31]} Nxd5 {[%clk 1:32:12]} 6. g3 {[%clk
1:32:57]} Bg4 {[%clk 1:32:15]} 7. Bg2 {[%clk 1:33:21]} c6 {[%clk 1:32:12]} 8.
O-O {[%clk 1:32:45]} O-O {[%clk 1:31:05]} 9. Nxd5 {[%clk 1:28:21]} cxd5 {[%clk
1:27:14]} 10. Qb3 {[%clk 1:26:30]} b6 {[%clk 1:25:04]} 11. e3 {[%clk 1:26:09]}
e6 {[%clk 1:23:31]} 12. Bd2 {[%clk 1:25:36]} Nd7 {[%clk 1:23:16]} 13. h3 {[%clk
1:25:24]} Bxf3 {[%clk 1:23:38]} 14. Bxf3 {[%clk 1:25:50]} Nf6 {[%clk 1:23:53]}
15. Rac1 {[%clk 1:24:36]} Qd7 {[%clk 1:21:33]} 16. Kh2 {[%clk 1:23:56]} Rfc8
{[%clk 1:21:39]} 17. Kg2 {[%clk 1:21:49]} h5 {[%clk 1:21:05]} 18. Rxc8+ {[%clk
1:20:52]} Rxc8 {[%clk 1:16:57]} 19. Rc1 {[%clk 1:21:15]} Rxc1 {[%clk 1:16:13]}
20. Bxc1 {[%clk 1:21:41]} Qc7 {[%clk 1:16:25]} 21. Qc3 {[%clk 1:20:50]} Qc4
{[%clk 1:15:54]} 22. Qxc4 {[%clk 1:17:55]} dxc4 {[%clk 1:15:24]} 23. Bc6 {[%clk
1:17:36]} Nd5 {[%clk 1:14:55]} 24. Bb5 {[%clk 1:16:44]} c3 {[%clk 1:14:47]} 25.
bxc3 {[%clk 1:14:00]} Nxc3 {[%clk 1:15:04]} 26. Bc4 {[%clk 1:14:27]} Nd5 {[%clk
1:13:56]} 27. Kf1 {[%clk 1:12:31]} f5 {[%clk 1:12:19]} 28. Bd2 {[%clk 1:11:15]}
a5 {[%clk 1:11:58]} 29. Ke2 {[%clk 1:11:16]} Kf7 {[%clk 1:12:16]} 30. Kd3
{[%clk 1:06:39]} Ke7 {[%clk 1:10:47]} 31. f3 {[%clk 1:01:59]} Kd6 {[%clk
1:10:09]} 32. e4 {[%clk 1:01:51]} fxe4+ {[%clk 1:10:32]} 33. fxe4 {[%clk
1:02:15]} Ne7 {[%clk 1:08:54]} 34. Bc1 {[%clk 0:58:21]} Nc6 {[%clk 1:08:32]}
35. Ba3+ {[%clk 0:55:02]} Kd7 {[%clk 1:08:36]} 36. e5 {[%clk 0:53:24]} Na7
{[%clk 1:08:10]} 37. Kc2 {[%clk 0:50:59]} Bh6 {[%clk 1:07:39]} 38. Bc1 {[%clk
0:49:50]} Bxc1 {[%clk 1:07:40]} 39. Kxc1 {[%clk 0:49:57]} Nc6 {[%clk 1:08:05]}
40. Bb5 {[%clk 0:46:11]} Kc7 {[%clk 1:08:10]} 41. Bd3 {[%clk 0:43:29]} Ne7
{[%clk 1:08:27]} 42. Kd2 {[%clk 0:42:12]} Kd8 {[%clk 1:07:47]} 43. g4 {[%clk
0:36:13]} hxg4 {[%clk 1:07:44]} 44. hxg4 g5 {[%clk 1:08:07]} 45. a4 {[%clk
0:35:43]} Nd5 {[%clk 1:08:13]} 46. Bc4 {[%clk 0:34:59]} Nc7 {[%clk 1:08:22]}
1/2-1/2

[Event "DVM U12 2017"]
[Site "Magdeburg GER"]
[Date "2017.12.28"]
[Round "3"]
[White "Behr, Julian"]
[Black "Reichmann, Felix"]
[Result "1/2-1/2"]
[Termination "normal"]
[Board "5.3"]
[WhiteElo "1282"]
[BlackElo "1628"]
[WhiteClock "00:17:45"]
[BlackClock "00:48:34"]
[WhiteTeam "SC Landskrone"]
[BlackTeam "SF Nordost Berlin"]
[PlyCount "59"]
[WhiteFideId "16255410"]
[BlackFideId "16238290"]
[EventCountry "GER"]
[EventRounds "7"]
[EventType "team-swiss"]
[EventDate "2017.12.26"]

1. e4 {[%clk 1:30:49]} c5 {[%clk 1:30:59]} 2. d4 {[%clk 1:31:06]} cxd4 {[%clk
1:31:25]} 3. c3 {[%clk 1:31:29]} g6 {[%clk 1:31:20]} 4. cxd4 {[%clk 1:31:30]}
d5 {[%clk 1:31:47]} 5. e5 {[%clk 1:29:44]} Nc6 {[%clk 1:31:47]} 6. Bb5 {[%clk
1:26:03]} Bg7 {[%clk 1:31:59]} 7. Nc3 {[%clk 1:24:00]} a6 {[%clk 1:31:43]} 8.
Ba4 {[%clk 1:24:14]} b5 {[%clk 1:31:57]} 9. Bb3 {[%clk 1:24:16]} e6 {[%clk
1:32:03]} 10. Nf3 {[%clk 1:16:57]} Nh6 {[%clk 1:32:00]} 11. O-O {[%clk
1:14:00]} O-O {[%clk 1:31:37]} 12. Re1 {[%clk 1:11:11]} Nf5 {[%clk 1:30:32]}
13. Be3 {[%clk 1:07:51]} Qb6 {[%clk 1:30:36]} 14. Qd2 {[%clk 0:59:10]} f6
{[%clk 1:29:07]} 15. Rac1 {[%clk 0:52:08]} fxe5 {[%clk 1:28:16]} 16. dxe5
{[%clk 0:51:49]} d4 {[%clk 1:27:47]} 17. Nxd4 {[%clk 0:38:50]} Ncxd4 {[%clk
1:27:44]} 18. Bxd4 Qxd4 {[%clk 1:25:18]} 19. Rcd1 {[%clk 0:29:21]} Qc5 {[%clk
1:15:16]} 20. Ne4 {[%clk 0:25:25]} Qxe5 {[%clk 1:09:24]} 21. Ng5 {[%clk
0:25:28]} Qf6 {[%clk 1:06:34]} 22. Nxe6 {[%clk 0:25:17]} Kh8 {[%clk 0:49:44]}
23. Nxf8 {[%clk 0:20:18]} Qxf8 {[%clk 0:48:10]} 24. Qd8 {[%clk 0:19:49]} Bb7
{[%clk 0:48:17]} 25. Qxf8+ {[%clk 0:19:54]} Rxf8 {[%clk 0:48:15]} 26. Rd7
{[%clk 0:19:09]} Bc8 {[%clk 0:48:17]} 27. Rd2 {[%clk 0:18:48]} Nh4 {[%clk
0:47:58]} 28. Be6 {[%clk 0:17:29]} Bb7 {[%clk 0:48:15]} 29. Bd5 {[%clk
0:17:45]} Bc8 {[%clk 0:48:34]} 30. Rde2 1/2-1/2

[Event "DVM U12 2017"]
[Site "Magdeburg GER"]
[Date "2017.12.28"]
[Round "3"]
[White "Beck, Felix"]
[Black "Kinsky, Leonhard"]
[Result "1/2-1/2"]
[Termination "normal"]
[Board "5.4"]
[WhiteElo "1409"]
[BlackElo "1276"]
[WhiteClock "00:31:01"]
[BlackClock "00:15:43"]
[WhiteTeam "SF Nordost Berlin"]
[BlackTeam "SC Landskrone"]
[PlyCount "97"]
[WhiteFideId "16255364"]
[BlackFideId "16255429"]
[EventCountry "GER"]
[EventRounds "7"]
[EventType "team-swiss"]
[EventDate "2017.12.26"]

1. c4 Nf6 2. g3 d5 3. cxd5 Nxd5 4. Bg2 e5 5. Nc3 Nb6 6. Nf3 Nc6 7. O-O Bc5 8.
Ne4 Qe7 {[%clk 1:25:12]} 9. Qc2 {[%clk 1:16:09]} Bf5 {[%clk 1:22:41]} 10. Qxc5
{[%clk 1:15:03]} Bxe4 {[%clk 1:22:16]} 11. Qxe7+ {[%clk 1:15:20]} Nxe7 {[%clk
1:22:38]} 12. Nxe5 {[%clk 1:15:37]} Bxg2 {[%clk 1:22:12]} 13. Kxg2 {[%clk
1:16:01]} O-O {[%clk 1:20:09]} 14. d4 {[%clk 1:15:38]} Rad8 {[%clk 1:16:37]}
15. e3 {[%clk 1:15:24]} f6 {[%clk 1:16:07]} 16. Nd3 {[%clk 1:15:16]} Na4 {[%clk
1:10:58]} 17. b3 {[%clk 1:15:16]} Nc3 {[%clk 1:09:38]} 18. Ba3 {[%clk 1:13:03]}
Rfe8 {[%clk 1:09:13]} 19. Rac1 {[%clk 1:10:45]} Nb5 {[%clk 1:07:36]} 20. Bb4
{[%clk 1:10:22]} Nd5 {[%clk 1:05:41]} 21. Bd2 {[%clk 1:07:18]} Rc8 {[%clk
1:01:19]} 22. Rc5 {[%clk 1:05:08]} c6 {[%clk 1:00:35]} 23. Rcc1 {[%clk
1:04:32]} b6 {[%clk 0:57:43]} 24. a4 {[%clk 0:58:56]} Nd6 {[%clk 0:53:40]} 25.
Rc2 {[%clk 0:55:41]} Nf7 {[%clk 0:46:37]} 26. Rfc1 {[%clk 0:55:24]} Nd8 {[%clk
0:43:29]} 27. Nb4 {[%clk 0:52:25]} Nxb4 {[%clk 0:43:22]} 28. Bxb4 {[%clk
0:52:41]} a5 {[%clk 0:42:47]} 29. Bd2 {[%clk 0:51:45]} Re7 {[%clk 0:42:01]} 30.
f3 {[%clk 0:51:18]} Rec7 {[%clk 0:40:41]} 31. d5 {[%clk 0:50:31]} Rd7 {[%clk
0:37:57]} 32. e4 {[%clk 0:50:08]} g6 {[%clk 0:36:54]} 33. Be3 {[%clk 0:49:52]}
c5 34. Bf4 {[%clk 0:47:36]} g5 {[%clk 0:30:32]} 35. Be3 {[%clk 0:47:34]} Kg7
{[%clk 0:29:37]} 36. Rf1 {[%clk 0:47:19]} h6 {[%clk 0:28:06]} 37. f4 {[%clk
0:46:05]} Re7 {[%clk 0:27:40]} 38. Rc4 {[%clk 0:45:55]} Nf7 {[%clk 0:23:59]}
39. fxg5 {[%clk 0:42:54]} hxg5 {[%clk 0:23:19]} 40. Bd4 {[%clk 0:42:27]} Ne5
{[%clk 0:18:32]} 41. Bxe5 {[%clk 0:42:04]} Rxe5 {[%clk 0:17:46]} 42. Rd1 {[%clk
0:41:29]} Rd8 {[%clk 0:17:29]} 43. Kf3 {[%clk 0:40:49]} Kg6 {[%clk 0:16:56]}
44. g4 {[%clk 0:39:26]} Rd6 {[%clk 0:16:53]} 45. Rc2 {[%clk 0:38:00]} Kh6
{[%clk 0:16:09]} 46. Rf2 {[%clk 0:37:57]} Kg6 {[%clk 0:16:18]} 47. Ke3 {[%clk
0:36:42]} Kg7 {[%clk 0:15:49]} 48. Kd3 {[%clk 0:32:33]} Re8 {[%clk 0:15:43]}
49. Re2 {[%clk 0:31:01]} 1/2-1/2

[Event "DVM U12 2017"]
[Site "Magdeburg GER"]
[Date "2017.12.28"]
[Round "3"]
[White "Deutsch, Christoph"]
[Black "Toval, David"]
[Result "1-0"]
[Termination "normal"]
[Board "6.1"]
[WhiteElo "1832"]
[BlackElo "1798"]
[WhiteClock "00:50:46"]
[BlackClock "00:35:06"]
[WhiteTeam "SK Gründau"]
[BlackTeam "SK Münster"]
[PlyCount "59"]
[WhiteFideId "16206878"]
[BlackFideId "12992755"]
[EventCountry "GER"]
[EventRounds "7"]
[EventType "team-swiss"]
[EventDate "2017.12.26"]

1. e4 {[%clk 1:30:58]} c5 {[%clk 1:30:52]} 2. Nf3 {[%clk 1:31:23]} d6 {[%clk
1:31:16]} 3. d4 {[%clk 1:31:48]} cxd4 {[%clk 1:31:33]} 4. Nxd4 {[%clk 1:32:10]}
Nf6 {[%clk 1:31:54]} 5. Nc3 {[%clk 1:32:27]} a6 {[%clk 1:32:16]} 6. Be2 {[%clk
1:32:30]} e6 {[%clk 1:32:34]} 7. a4 {[%clk 1:32:33]} Be7 {[%clk 1:32:51]} 8.
O-O {[%clk 1:32:36]} O-O {[%clk 1:32:51]} 9. Be3 {[%clk 1:32:15]} Qc7 {[%clk
1:32:39]} 10. f4 {[%clk 1:31:12]} Nc6 {[%clk 1:32:00]} 11. Kh1 {[%clk 1:30:40]}
Rd8 {[%clk 1:28:00]} 12. Bf3 {[%clk 1:28:30]} Na5 {[%clk 1:20:31]} 13. g4
{[%clk 1:25:50]} Nc4 {[%clk 1:20:37]} 14. Bc1 {[%clk 1:25:46]} e5 {[%clk
1:14:16]} 15. Nf5 {[%clk 1:23:43]} Bxf5 {[%clk 1:14:36]} 16. exf5 {[%clk
1:23:47]} exf4 {[%clk 1:14:06]} 17. g5 {[%clk 1:19:27]} Ne8 {[%clk 1:14:25]}
18. Nd5 {[%clk 1:18:56]} Qd7 {[%clk 1:13:27]} 19. Qe2 {[%clk 1:17:02]} Bxg5
{[%clk 1:11:14]} 20. Qxc4 {[%clk 1:16:07]} Qxf5 {[%clk 1:10:51]} 21. Bxf4
{[%clk 1:13:38]} Rac8 {[%clk 1:07:41]} 22. Bxg5 {[%clk 1:12:46]} Qxg5 {[%clk
1:07:31]} 23. Qd3 {[%clk 1:12:20]} g6 {[%clk 0:59:44]} 24. Rg1 {[%clk 1:10:10]}
Qe5 {[%clk 0:48:19]} 25. c3 {[%clk 1:03:55]} Kh8 {[%clk 0:47:50]} 26. Rae1
{[%clk 1:03:02]} Qg7 {[%clk 0:48:04]} 27. Re7 {[%clk 1:01:53]} Rb8 {[%clk
0:45:46]} 28. Rge1 {[%clk 0:59:03]} Nf6 {[%clk 0:36:47]} 29. Qd4 {[%clk
0:52:52]} Nd7 {[%clk 0:35:06]} 30. Rxf7 {[%clk 0:50:46]} 1-0

[Event "DVM U12 2017"]
[Site "Magdeburg GER"]
[Date "2017.12.28"]
[Round "3"]
[White "Schröder, Lennart"]
[Black "Deutsch, Volker"]
[Result "0-1"]
[Termination "normal"]
[Board "6.2"]
[WhiteElo "1635"]
[BlackElo "1518"]
[WhiteClock "00:44:27"]
[BlackClock "00:06:10"]
[WhiteTeam "SK Münster"]
[BlackTeam "SK Gründau"]
[PlyCount "120"]
[WhiteFideId "16222490"]
[BlackFideId "16206886"]
[EventCountry "GER"]
[EventRounds "7"]
[EventType "team-swiss"]
[EventDate "2017.12.26"]

1. d4 {[%clk 1:30:58]} d5 {[%clk 1:30:54]} 2. Nf3 {[%clk 1:31:21]} Nf6 {[%clk
1:31:01]} 3. c4 {[%clk 1:31:39]} c6 {[%clk 1:31:27]} 4. Qc2 {[%clk 1:32:04]} e6
{[%clk 1:31:35]} 5. Nbd2 {[%clk 1:32:26]} Nbd7 {[%clk 1:31:45]} 6. g3 {[%clk
1:32:41]} Be7 {[%clk 1:31:53]} 7. Bg2 {[%clk 1:32:49]} b6 {[%clk 1:31:38]} 8.
e4 {[%clk 1:31:47]} dxe4 {[%clk 1:29:47]} 9. Nxe4 {[%clk 1:31:58]} Bb7 {[%clk
1:28:39]} 10. Be3 {[%clk 1:28:58]} Nxe4 {[%clk 1:27:16]} 11. Qxe4 {[%clk
1:29:20]} Nf6 {[%clk 1:27:13]} 12. Qc2 {[%clk 1:29:23]} c5 {[%clk 1:25:05]} 13.
dxc5 {[%clk 1:26:29]} Bxc5 {[%clk 1:23:57]} 14. Bxc5 {[%clk 1:26:24]} bxc5
{[%clk 1:24:11]} 15. O-O {[%clk 1:25:25]} O-O {[%clk 1:24:16]} 16. Rfd1 {[%clk
1:12:41]} Qc7 {[%clk 1:22:55]} 17. Ne1 {[%clk 1:06:11]} Rfd8 {[%clk 1:19:29]}
18. Bxb7 {[%clk 1:02:04]} Qxb7 {[%clk 1:19:50]} 19. b3 {[%clk 1:01:20]} Qc7
{[%clk 1:15:13]} 20. Ng2 {[%clk 0:56:30]} h6 {[%clk 1:10:21]} 21. Ne3 {[%clk
0:52:45]} Rxd1+ {[%clk 1:08:26]} 22. Rxd1 {[%clk 0:53:07]} Rd8 {[%clk 1:08:50]}
23. Rd2 {[%clk 0:49:24]} Rd7 {[%clk 1:01:41]} 24. Qd1 {[%clk 0:46:43]} Qd8
{[%clk 0:55:13]} 25. Rxd7 {[%clk 0:45:57]} Qxd7 {[%clk 0:55:20]} 26. Qxd7
{[%clk 0:46:16]} Nxd7 {[%clk 0:55:44]} 27. Kf1 {[%clk 0:46:16]} Kf8 {[%clk
0:55:02]} 28. Ke2 {[%clk 0:43:44]} Ke7 {[%clk 0:51:45]} 29. f4 {[%clk 0:40:22]}
Kd6 {[%clk 0:48:41]} 30. Kd3 {[%clk 0:38:14]} f5 {[%clk 0:40:58]} 31. a3 {[%clk
0:31:38]} a5 {[%clk 0:38:26]} 32. Nc2 {[%clk 0:27:32]} e5 {[%clk 0:31:29]} 33.
fxe5+ {[%clk 0:25:08]} Nxe5+ {[%clk 0:27:45]} 34. Ke2 {[%clk 0:24:07]} g5
{[%clk 0:24:57]} 35. Ne3 {[%clk 0:23:07]} Ke6 {[%clk 0:20:37]} 36. Nd5 {[%clk
0:22:30]} Nc6 {[%clk 0:19:03]} 37. Ke3 {[%clk 0:19:31]} Nd4 {[%clk 0:17:45]}
38. b4 {[%clk 0:19:02]} cxb4 {[%clk 0:17:55]} 39. axb4 {[%clk 0:19:22]} Nc2+
{[%clk 0:18:15]} 40. Kf3 {[%clk 0:19:05]} Nxb4 {[%clk 0:17:31]} 41. Nb6 {[%clk
0:19:02]} Ke5 {[%clk 0:16:24]} 42. h4 {[%clk 0:18:23]} g4+ {[%clk 0:14:09]} 43.
Ke3 {[%clk 0:18:44]} Nc2+ {[%clk 0:12:58]} 44. Kd2 {[%clk 0:18:21]} Nd4 {[%clk
0:12:09]} 45. Ke3 {[%clk 0:18:03]} Ne6 {[%clk 0:11:49]} 46. c5 {[%clk 0:17:36]}
Kf6 {[%clk 0:08:23]} 47. c6 {[%clk 0:17:08]} Ke7 {[%clk 0:03:12]} 48. Kd3
{[%clk 0:15:49]} Kd8 {[%clk 0:26:56]} 49. Nd5 {[%clk 0:45:14]} a4 {[%clk
0:21:42]} 50. Kc4 {[%clk 0:44:33]} a3 {[%clk 0:19:58]} 51. Kb3 {[%clk 0:44:22]}
f4 {[%clk 0:15:36]} 52. gxf4 {[%clk 0:44:06]} g3 {[%clk 0:15:56]} 53. Ne3
{[%clk 0:43:50]} Nxf4 {[%clk 0:16:12]} 54. Kxa3 {[%clk 0:44:01]} Kc7 {[%clk
0:11:02]} 55. Kb4 {[%clk 0:43:38]} Kxc6 {[%clk 0:10:29]} 56. Kc4 {[%clk
0:43:34]} g2 {[%clk 0:09:04]} 57. Nxg2 {[%clk 0:43:53]} Nxg2 {[%clk 0:09:29]}
58. h5 {[%clk 0:43:44]} Nf4 {[%clk 0:07:05]} 59. Kd4 {[%clk 0:44:05]} Nxh5
{[%clk 0:06:10]} 60. Ke5 {[%clk 0:44:27]} Ng7 0-1